000 00555nam a2200193Ia 4500
999 _c33248
_d33248
003 OSt
005 20200907120118.0
008 190216s9999||||xx |||||||||||||| ||und||
020 _a9780070666474
040 _coclc
082 _a536
_bZEM/H
100 _aZemansky, Mark W
_94467
245 0 _aHeat And Thermodynamics /
_cMark W Zemansky ; Richard H Dittman
250 _a6th Ed.
260 _bMcgraw -hill Book Company,
_c1981.
_aNew Delhi:
300 _a543p
650 _aPhysics
942 _cBK
_2ddc
_h536
_iZEM/H
_k536
_mZEM/H